LEADER 01746nam a2200325 u 4500 001 000000012701 003 CaOOAMICUS 005 20070226105552.0 008 940517s1968 it u000 u ita u 035 $a10306073 040 $aPUL(R)$bita 100 1 $aPizzolato, Luigi Franco,$d1939-$0(OLS)http://pul/name/772 245 14$aLe "Confessioni" di sant'Agostino :$bda biografia a 'confessio' /$cLuigi Franco Pizzolato. 260 $aMilano :$bVita e pensiero,$c1968. 300 $aviii, 220 p. ;$c22 cm 490 1 $aSaggi e ricerche. Serie 3. Scienze filologiche e letteratura ;$v7 500 $aComprende indici. 504 $aBibliografia: p. 1-7. 600 04$aAugustinus,$cs., vesc. d'Ippona,$d354-430.$tConfessiones$9(Augustinus, s., vesc. d'Ippona, 354-430).$0(OLS)http://pul/subject/67 710 2 $aUniversità cattolica del Sacro Cuore. Sede di Milano.$0(OLS)http://pul/name/534 830 0$aSaggi e ricerche. Serie 3. Scienze filologiche e letteratura ;$v7.$0(OLS)http://pul/title/18380 830 0$aSaggi e ricerche (Università cattolica del Sacro Cuore).$nSer. 3,$pScienze filologiche e letteratura ;$v7.$0(OLS)http://pul/title/13257 850 $aPUL 852 $aPUL$W1$xDP1 Fondo Maccarrone$y58$m1521 B 27$j17920$n $b $qFondi$B17920$CPULBib$Z2$F17920 $H $81 852 $aPUL$W1$xDP1 Cons. Gen., Altre Classi 1$y22$m388 M 7$j17921$nBK-PRI$b $qStampati$B17921$CPULBib$Z2$F17921 $H $81 941 1 $a1 941 1 $a8 961 $aINV: 5353 Fondo Maccarrone 996 $6245$aLe "Confessioni" di sant'Agostino :$bda biografia a 'confessio'$9(OLS)http://pul/title/18379 996 $6260$aMilano :$bVita e pensiero$9(OLS)http://pul/publisher/48016 LEADER 01425nam a2200289 u 4500 001 000000080672 003 CaOOAMICUS 005 20130115143809.0 008 050119s2003 it a u000 u fre u 035 $a11022841 040 $aPUL$bita 100 1 $aManfredi, Alexandre.$0(OLS)http://pul/name/53793 245 13$aLe caractère holistique des systèmes matériels en chimie moléculaire /$cAlexandre Manfredi. 260 $aRomae :$b[s.n.],$c2003. 300 $a302, iv p.$bill.$c25 cm 500 $aSul front.: "Thesis ad Doctoratum in Philosophia totaliter edita". 500 $aIn testa al front.: "Pontificia Universitas Sanctae Crucis, Facultas Philosophiae". 502 $aThesis (Doct.) -- Pontificia Universitas Sanctae Crucis. Facultas Philosophiae, 2003. 504 $aBibliografia : p. [291]-302. 650 4$aFilosofia e scienza.$0(OLS)http://pul/subject/7564 650 4$aChimica.$0(OLS)http://pul/subject/22633 710 2 $aPontificia Università della Santa Croce.$bFacoltà di filosofia.$kTesi.$0(OLS)http://pul/name/53726 850 $aPUL 852 $aPUL$W1$xDP1 Tesi Pon. Univ. S. Croce$y43$m2003 A 9$j142997$nBK-PRI$qTesi$B103021$CPULBib$Z2$F103021 $H96943 $82 941 1 $a16 996 $6245$aLe caractère holistique des systèmes matériels en chimie moléculaire$9(OLS)http://pul/title/105628 996 $6260$aRomae :$b[s.n.]$9(OLS)http://pul/publisher/48223